| 000 | 00601nam a2200181 i 4500 | ||
|---|---|---|---|
| 001 | 122465 | ||
| 003 | ES-MaACL | ||
| 005 | 20241210140222.0 | ||
| 007 | t| | ||
| 008 | 070214s1929 sp r ||||1| spa d | ||
| 100 | 1 |
_aPrimo de Rivera, Miguel, _d1870-1930 _9154406 |
|
| 245 | 1 | 3 |
_aEl pensamiento de Miguel Primo de Rivera _b: sus notas, artículos y discursos / _cprólogo de José María Pemán. |
| 260 |
_aMadrid : _bSaez Hermanos, _c1929. |
||
| 300 |
_a324 p. ; _c21 cm. |
||
| 700 | 1 |
_aPemán, José María, _d1897-1981 _990130 |
|
| 852 |
_aES-MaACL _jB-3029 |
||
| 999 |
_c122465 _d122465 |
||